LEADER 01261nam a2200301 u 4500 001 000000065416 003 CaOOAMICUS 005 20070226121449.0 008 011206c19971983fr u000 u fre u 020 $a2204020141 035 $a10913026 040 $aPUL$bita 100 1 $aGeffré, Claude.$0(OLS)http://pul/name/26788 245 13$aLe christianisme au risque de l'interprétation /$cClaude Geffré. 260 $aParis :$bCerf,$c1997, c1983. 300 $a361 p. ;$c22 cm 490 1 $aCogitatio fidei ;$v120 504 $aBibliografia in nota. 650 4$aCristianesimo.$0(OLS)http://pul/subject/787 830 0$aCogitatio fidei ;$v120.$0(OLS)http://pul/title/876 850 $aPUL 852 $aPUL$W1$xSL Religione 2$y84$mTheol A13 120$j84704$nBK-PRI$b $qStampati altre collocazioni$B84704$CPULBib$Z2$F84704 $H $81 852 $aPUL$W1$xDP1 Fondo Bordoni$y120$m3 E 90.120$j172633$qFondi$B174489$CPULBib$Z2$F174489 $HBor943 $81 941 1 $a1 941 1 $a10 996 $6020$a2204020141$9(OLS)http://pul/number/84839 996 $6245$aLe christianisme au risque de l'interprétation$9(OLS)http://pul/title/87023 996 $6260$aParis :$bCerf$9(OLS)http://pul/publisher/48238 LEADER 01295nam a2200301 u 4500 001 000000076251 003 CaOOAMICUS 005 20070226123206.0 008 031117s1998 fr u000 u fre u 020 $a2020316773 035 $a10976470 040 $aPUL$bita 100 1 $aLacocque, André.$0(OLS)http://pul/name/50720 245 10$aPenser la Bible /$cAndré Lacocque, Paul Ric{oelig}ur ; texte d'André Lacocque ; traduit de l'anglais par Aline Patte er revue par l'auteur. 260 $aParis :$bÉditions du Seuil,$c[1998] 300 $a456 p. ;$c21 cm 490 1 $aLa couleur des idées 500 $aBibliografia in nota. 630 04$aBiblia$xCritica e interpretazione.$0(OLS)http://pul/subject/2023 650 4$aEsegesi biblica.$0(OLS)http://pul/subject/8707 700 1 $aRicoeur, Paul,$d1913-2005.$0(OLS)http://pul/name/31003 830 3$aLa couleur des idées.$0(OLS)http://pul/title/100019 850 $aPUL 852 $aPUL$W1$xSL Filosofia 1$y2$m91 L 21$j97990$nBK-PRI$b $qStampati$B97990$CPULBib$Z2$F97990 $H90242 $81 941 1 $a8 996 $6020$a2020316773$9(OLS)http://pul/number/99918 996 $6245$aPenser la Bible$9(OLS)http://pul/title/100026 996 $6260$aParis :$bÉditions du Seuil$9(OLS)http://pul/publisher/54032